00832 a2200193 4500003000500000005001700005010001600022020002400038020001700062040000900079082001700088100002300105245008300128250001200211260004900223300002900272505031300301650002400614Nust20230316145807.0 a 80020683 a0830612297 (pbk.) : a0830698442 : cNust00a629.8043,TED1 aTedeschi, Frank P.10aHow to design, build & use electronic control systems /cby Frank P. Tedeschi. a1st ed. aBlue Ridge Summit, Pa. :bTab Books,cc1981. a308 p. :bill. ;c22 cm. aFundamental Concepts (Page-9), Block Diagram Algebra (Page-24), The Mathematics of Control Systems (Page-39), Frequency Response Fundamentals (Page-68), Control System Stability Analysis (Page-102), Control System Components (Page-137), Practical Control Systems (Page-221), The Phase-Locked Loop (Page-251). 0aElectronic control.